000 01082cam a22003373a 4500
001 16403526
003 OSt
005 20140310182227.0
008 900115s1990 nyu j 000 0 eng d
010 _a 97816980
020 _a0553157787 (pbk.) :
_c$2.75
035 _a(OCoLC)ocm20901251
040 _aJED
_cJED
_dXWE
_dDLC
050 0 0 _aPZ 7
_b.Su968s36 1990
082 _aFIC
_bSu9sv #36
100 1 _aSuzanne, Jamie.
_94455
245 1 0 _aMary is missing /
_cwritten by Jamie Suzanne ; created by Francine Pascal.
260 _aNew York, NY :
_bBantam Books,
_cc1990.
300 _a131 p. ;
_c20 cm.
490 1 _aSweet Valley Twins ;
_v#36
500 _a"A Bantam Skylark book."
650 _aFiction.
_9746
655 7 _aYoung adult fiction.
_2lcsh
_93735
655 7 _aMystery fiction.
_2gsafd
_94089
700 1 _aPascal, Francine.
_93767
710 2 _aCopyright Paperback Collection (Library of Congress)
_5DLC
_9705
830 0 _aSweet Valley twins ;
_v36.
_917879
906 _a7
_bcbc
_ccopycat
_d2
_encip
_f19
_gy-genrareb
942 _2lcc
_cBK-FIC
999 _c10835
_d10835